000 00620nam a2200181 i 4500
001 50245
003 ES-MaACL
005 20230906162139.0
007 t|
008 030801s1957 sp ||||1| spa d
100 1 _aCruz Hernández, Miguel.
_941830
245 1 0 _aFilosofía hispano-musulmana /
_cpor Miguel Cruz Hernández.
260 _aMadrid :
_b[s.n.],
_c1957 (
_fC. Bermejo)
300 _a2 t. ;
_c25 cm.
500 _aPrecede al tít.: Asociación Española para el Progresos de las Ciencias.
710 2 _aAsociación Española para el Progreso de las Ciencias.
_91705
852 _aES-MaACL
_jC-15326-7
_bR.43325
999 _c50245
_d50245